Charakteristiky poškodzovania ložísk vo výrobnej technike
Salvato in:
| Autore principale: | |
|---|---|
| Altri autori: | |
| Natura: | Manoscritto Libro |
| Lingua: | slovacco |
| Pubblicazione: |
2022
|
| Soggetti: | |
| Accesso online: | http://is.stuba.sk/zp/portal_zp.pl?podrobnosti=159319 |
| Tags: |
Nessun Tag, puoi essere il primo ad aggiungerne!!
|
MARC
| LEADER | 00000ntm a22000003a 4500 | ||
|---|---|---|---|
| 001 | stuzp90931 | ||
| 003 | SK-STU | ||
| 005 | 20220611214132.3 | ||
| 007 | ta | ||
| 008 | 150427s2015----xo-----f-mn---000-0-slo-d | ||
| 040 | |a STU |b slo | ||
| 041 | 0 | |a slo | |
| 100 | 1 | |a Martvoňová, Martina |u 020070 |4 aut |U SjF Strojnícka fakulta |T SjF Ústav výrobných systémov, enviromentálnej techniky a manažment kvality |X 98626 |U J0070 |Y 804 |7 98626 | |
| 242 | 0 | 1 | |a Bearing damage characteristics in production technology |y eng |
| 245 | 1 | 0 | |a Charakteristiky poškodzovania ložísk vo výrobnej technike |
| 260 | |c 2022 | ||
| 650 | 4 | |a frekvencia |2 slo | |
| 650 | 4 | |a olej |2 slo | |
| 650 | 4 | |a ložisko |2 slo | |
| 650 | 4 | |a mazanie |2 slo | |
| 650 | 4 | |a poškodenie |2 slo | |
| 650 | 4 | |a bearing |2 eng | |
| 650 | 4 | |a lubrication |2 eng | |
| 650 | 4 | |a damage |2 eng | |
| 650 | 4 | |a frequency |2 eng | |
| 650 | 4 | |a oil |2 eng | |
| 700 | 1 | |a Chlebo, Ondrej |u 020010 |k Z1 |4 ths |U SjF Strojnícka fakulta |T SjF Ústav aplikovanej mechaniky a mechatroniky |X 41363 |U J0010 |Y 801 |7 A000041363 | |
| 856 | 4 | |u http://is.stuba.sk/zp/portal_zp.pl?podrobnosti=159319 | |
| 996 | |b 284J046991 |c J* 3491/DBP |l JJSK |s A |a 24 |w stuzp90931_0001 | ||